<?xml version="1.0" encoding="UTF-8"?>
<marc:record xmlns:marc="http://www.loc.gov/MARC21/slim">
   <marc:leader>00000nam a2200000 a 4500</marc:leader>
   <marc:datafield ind1="1" ind2=" " tag="100">
      <marc:subfield code="a">Fuchs, Luisa</marc:subfield>
      <marc:subfield code="4">aut</marc:subfield>
      <marc:subfield code="e">Verfasser/-in</marc:subfield>
   </marc:datafield>
   <marc:datafield ind1="0" ind2="0" tag="245">
      <marc:subfield code="a">Anton Monsterjäger : ein Traum auf der Flucht</marc:subfield>
   </marc:datafield>
   <marc:datafield ind1="0" ind2="0" tag="245">
      <marc:subfield code="c">Luisa Fuchs ; mit Illustrationen von Sabine Mielke</marc:subfield>
   </marc:datafield>
   <marc:datafield ind1=" " ind2="1" tag="264">
      <marc:subfield code="a">Bamberg</marc:subfield>
      <marc:subfield code="b">Magellan</marc:subfield>
      <marc:subfield code="c">2022</marc:subfield>
   </marc:datafield>
   <marc:datafield ind1="1" ind2=" " tag="490">
      <marc:subfield code="a">Anton Monsterjäger</marc:subfield>
      <marc:subfield code="v">1</marc:subfield>
   </marc:datafield>
   <marc:datafield ind1="1" ind2=" " tag="520">
      <marc:subfield code="a">Quelle: bn.bibliotheksnachrichten (http://www.biblio.at/literatur/bn/index.html); #Autor: Sabine Eidenberger; #Abenteuer erleben in der Schule der Monsterjäger. (ab 8) (JE)#Anton hat es gerade nicht leicht. Sein bester Freund ist weggezogen und die anderen Mitschüler findet er einfach nur ätzend. Dann bekommt er zum zehnten Geburtstag auch noch so einen komischen alten, schwarzen Schrank von seinem Onkel Martin geschenkt. Was er damit wohl anfangen soll? Das Teil ist ziemlich unheimlich, es rumpelt darin und ein blaues Licht scheint durch die Tür. Als der Schrank dann pünktlich um Mitternacht aufgeht, entfleucht ihm ein Monster. Ein weiteres Wesen hilft Anton jedoch, den Flüchtigen einzufangen. Von jetzt an wird er zum Monsterjäger ausgebildet und wechselt an die Monsterjägerschule. Anscheinend hatte auch Onkel Martin dort Unterricht. Nun tauchen wir mit Anton in eine ganz neue Welt ein. Denn jeder kann ein Held sein, wenn er nur will.#Schöne Illustrationen machen die Geschichte lebendig. Dieser erste Band einer Reihe, die noch im Entstehen ist, ist wohl eher an Buben gerichtet, es gibt Roboter, Monster und hauptsächlich männliche Protagonisten. Auch eine gehörige Portion Grusel ist dabei. Ab etwa 8 Jahren kann das Buch gemeinsam gelesen werden, ab 10 ist es für Selberleser geeignet, je nach Gruseltoleranz vielleicht nicht vor dem Einschlafen zu genießen! Eine Empfehlung für alle Bestände.</marc:subfield>
   </marc:datafield>
   <marc:datafield ind1=" " ind2=" " tag="020">
      <marc:subfield code="a">9783734840715</marc:subfield>
      <marc:subfield code="9">9783734840715</marc:subfield>
   </marc:datafield>
   <marc:datafield ind1=" " ind2=" " tag="041">
      <marc:subfield code="a">ger</marc:subfield>
   </marc:datafield>
   <marc:datafield ind1=" " ind2=" " tag="500">
      <marc:subfield code="a">ab 9 Jahren</marc:subfield>
   </marc:datafield>
   <marc:datafield ind1=" " ind2=" " tag="300">
      <marc:subfield code="a">188 Seiten</marc:subfield>
   </marc:datafield>
</marc:record>
